| 000 | 00590nam a2200229Ia 4500 | ||
|---|---|---|---|
| 005 | 20260429111937.0 | ||
| 008 | 260429s9999||||xx |||||||||||||| ||und|| | ||
| 020 | _a9789359770154 | ||
| 041 | _aEnglish | ||
| 082 |
_a796.07 _bCHA |
||
| 100 | _aChadha, N.K. | ||
| 245 | 0 |
_aArt and science of coaching / _cN.K. Chadha |
|
| 250 | _a1st ed. | ||
| 260 |
_aNew Delhi : _bThe Readers Paradise, _c2025. |
||
| 300 | _a260 p.; hb | ||
| 650 | _a Athlete performance | ||
| 650 | _a Leadership | ||
| 650 | _a Sports science | ||
| 650 | _aCoaching | ||
| 700 | _a Gosain, Nupur | ||
| 942 | _cTB | ||
| 999 |
_c51547 _d51547 |
||